| 000 | 008300000a22001930004500 | ||
|---|---|---|---|
| 001 | 12787 | ||
| 020 | _a9968-894-05-2 | ||
| 041 | 0 | _aSPA | |
| 082 | 0 | 4 | _aG 268.58 F335e |
| 100 | 1 | _aFennema, Jack | |
| 245 | 1 | 0 | _aEnseñando a la niñez en el Señor : Una pedagogía bíblica para profesores cristianos / Jack Fennema; Donal Herrera Terán, Traductor |
| 260 | _aCosta Rica : Confraternidad Latinoamericana de Iglesias Reformadas | ||
| 300 | _a289 Pag | ||
| 505 | 0 | 0 | _a- Una visión bíblica del niño - ¿Qué se quiere dar a entender por disciplina? - La instrucción bíblica: disciplina preventiva - El escarmiento bíblico: disciplina correctiva - La consejería bíblica: el acto de sanar |
| 942 | _cBK | ||
| 999 |
_c41810 _d41810 |
||
| 336 |
_atexto _btxt _2rdacontent |
||
| 337 |
_2rdamedia _asin mediación _bn |
||
| 338 |
_2rdacarrier _avolumen _bnc |
||